000
00314nam a22001217a 4500
008
160520b xxu||||| |||| 00| 0 eng d
020
_a
9780534645069
020
_a
0534645062
041
_a
eng
080
_a
612.39
245
_a
Nutrition concepts and controveries:
_c
Frances Sizer; Ellie Whitney;
942
_2
udc
_c
BK
999
_c
2298
_d
2298